000 00650nam a22001817a 4500
005 20150810152121.0
010 _aENG-113633
020 _a9781138822542
_c750.00
035 _aEN-97165
037 _bDBAD/PUB
082 _a915.4
100 _aSpens, Archibald B.
245 _aA winter in India :
_cby Archibald B. Spens ; with a new introduction by Peter Robb
_blight impressions of its cities, peoples, and customs /
260 _aNew Delhi
_bRoutledge
_c2014
270 _a912 Tolstoy House, 15-17 Tolstoy Marg, Connaught Place
_bNew Delhi
_e110001
300 _axlii,251p. :
_c23cm(Hb)
_bill.
942 _2ddc
_cEN
_mSPE
_h915.4
999 _c95171
_d95171